000 01089nam a22002897a 4500
001 BR9102445
003 BR-BrBNA
005 20230928093612.0
007 ta
008 230509b bl.||||| |||| 00| 0 por d
040 _aBR-BrBNA
_bpor
_cBiblioteca Nacional de Agricultura
041 _a(Por)
072 _aJ11
_b4020
090 _ 4020 BR9102445
100 1 _aAguilar, J.A.D.
110 1 _aCentro de Energia Nuclear na Agricultura, Piracicaba, SP (Brasil)
_0Tese (Mestre em Ciencias)
245 1 _aEfeito da radiacao gama nas fases do ciclo evolutivo de Corcyra cephalonica (Stainton, 1865)(Lepidoptera pyralidae)em dieta artificial
246 1 _aEffects of gamma radiation on phases of evolutional cycle of Corcyra cephalonica (Stainton, 1865)(Lepidoptera pyralidae)in artificial diet
260 3 _aPiracicaba, SP (Brasil):
_c1991.
300 _a79 p.
500 _a13 illus.; Bibliography p. 56-64 (60 ref.); Summaries (Eng, Por)
650 _aLEPIDOPTERO
650 _aPRODUTO ARMAZENADO
650 _aRAIO GAMA
909 _a202309
_bLucia
_c55
_dLucia Elande
942 _cBK
999 _c45943
_d45943